<?xml version="1.0" encoding="UTF-8"?>
<record
    xmlns:xsi="http://www.w3.org/2001/XMLSchema-instance"
    xsi:schemaLocation="http://www.loc.gov/MARC21/slim http://www.loc.gov/standards/marcxml/schema/MARC21slim.xsd"
    xmlns="http://www.loc.gov/MARC21/slim">

  <leader>03191nam a2200349 a 4500</leader>
  <controlfield tag="001">00001300    </controlfield>
  <controlfield tag="003">WSP</controlfield>
  <controlfield tag="005">20260416153417.0</controlfield>
  <controlfield tag="006">m        d        </controlfield>
  <controlfield tag="007">cr bn|||||||||</controlfield>
  <controlfield tag="008">110527s2011    si a    sb    001 0 eng d</controlfield>
  <datafield tag="020" ind1=" " ind2=" ">
    <subfield code="a">9789814313711 (electronic bk.)</subfield>
  </datafield>
  <datafield tag="020" ind1=" " ind2=" ">
    <subfield code="z">981431370X</subfield>
  </datafield>
  <datafield tag="020" ind1=" " ind2=" ">
    <subfield code="z">9789814313704</subfield>
  </datafield>
  <datafield tag="040" ind1=" " ind2=" ">
    <subfield code="a">WSPC</subfield>
    <subfield code="b">eng</subfield>
    <subfield code="c">WSPC</subfield>
  </datafield>
  <datafield tag="082" ind1="0" ind2="4">
    <subfield code="a">547.2</subfield>
    <subfield code="2">22</subfield>
  </datafield>
  <datafield tag="100" ind1="1" ind2=" ">
    <subfield code="a">Hart, David J. </subfield>
  </datafield>
  <datafield tag="245" ind1="1" ind2="0">
    <subfield code="a">Organic synthesis via examination of selected natural products /</subfield>
    <subfield code="c">David J. Hart.</subfield>
  </datafield>
  <datafield tag="260" ind1=" " ind2=" ">
    <subfield code="a">Singapore ;</subfield>
    <subfield code="a">Hackensack, N.J. :</subfield>
    <subfield code="b">World Scientific Pub. Co.,</subfield>
    <subfield code="c">c2011.</subfield>
  </datafield>
  <datafield tag="300" ind1=" " ind2=" ">
    <subfield code="a">x, 578 p. :</subfield>
    <subfield code="b">ill.</subfield>
  </datafield>
  <datafield tag="504" ind1=" " ind2=" ">
    <subfield code="a">Includes bibliographical references and index.</subfield>
  </datafield>
  <datafield tag="505" ind1="0" ind2=" ">
    <subfield code="a">ch. 1. Introduction -- ch. 2. Steroids -- ch. 3. Prostaglandins -- ch. 4. Pyrrolizidine alkaloids -- ch. 5. Juvabione and the vicinal stereochemistry problem -- ch. 6. Functional group reactivity patterns and difunctional relationships -- ch. 7. Some unnatural products - Twistane and Triquinacene -- ch. 8. Alkaloids - Difunctional relationships and the importance of the Mannich reaction -- ch. 9. Alkaloids from "dart-poison" frogs -- ch. 10. Morphine and oxidative phenolic coupling -- ch. 11. Olefin synthesis and Cecropia juvenile hormone -- ch. 12. A recent example of structure determination through total synthesis and convergent syntheses : Lasonolide A -- ch. 13. Ionophores : Calcimycin -- ch. 14. Erythromycin A Aglycone.</subfield>
  </datafield>
  <datafield tag="520" ind1=" " ind2=" ">
    <subfield code="a">This book is written for advanced graduate and undergraduate students to expose them to a variety of strategies for the synthesis of organic compounds. This is done largely within the context of natural products synthesis, but some unnatural products synthesis is also included. Multiple approaches to each group of synthesis targets are presented, and the approaches are compared with one another with an eye on similarities and differences. General problems in organic synthesis (for example, strategies for the preparation of 6-membered rings and 5-membered rings, the importance of oxidation state, the problem of acyclic diastereoselectivity, the problem of controlling absolute stereochemistry, the importance of functional group relationships) are introduced early in the book and revisited throughout the text within the context of a variety of structurally unrelated natural products. The book provides readers with a somewhat historical overview of organic and natural products chemistry, and spans synthetic methodology that dates from the 1940's to the present time. It is written in a style that readers will find entertaining at times. It also contains lots of useful references with complete titles provided.</subfield>
  </datafield>
  <datafield tag="533" ind1=" " ind2=" ">
    <subfield code="a">Electronic reproduction.</subfield>
    <subfield code="b">Singapore :</subfield>
    <subfield code="c">World Scientific Publishing Co.,</subfield>
    <subfield code="d">2011.</subfield>
    <subfield code="n">System requirements: Adobe Acrobat Reader.</subfield>
    <subfield code="n">Mode of access: World Wide Web.</subfield>
    <subfield code="n">Available to subscribing institutions.</subfield>
  </datafield>
  <datafield tag="650" ind1=" " ind2="0">
    <subfield code="a">Organic compounds</subfield>
    <subfield code="x">Synthesis.</subfield>
  </datafield>
  <datafield tag="655" ind1=" " ind2="0">
    <subfield code="a">Electronic books.</subfield>
  </datafield>
  <datafield tag="710" ind1="2" ind2=" ">
    <subfield code="a">World Scientific (Firm)</subfield>
  </datafield>
  <datafield tag="776" ind1="1" ind2=" ">
    <subfield code="z">981431370X</subfield>
  </datafield>
  <datafield tag="776" ind1="1" ind2=" ">
    <subfield code="z">9789814313704</subfield>
  </datafield>
  <datafield tag="856" ind1="4" ind2="0">
    <subfield code="u">http://www.worldscientific.com/worldscibooks/10.1142/7815#t=toc</subfield>
  </datafield>
  <datafield tag="942" ind1=" " ind2=" ">
    <subfield code="c">E-BOOK</subfield>
  </datafield>
  <datafield tag="999" ind1=" " ind2=" ">
    <subfield code="c">49791</subfield>
    <subfield code="d">49791</subfield>
  </datafield>
  <datafield tag="952" ind1=" " ind2=" ">
    <subfield code="0">0</subfield>
    <subfield code="1">0</subfield>
    <subfield code="2">ddc</subfield>
    <subfield code="4">0</subfield>
    <subfield code="7">0</subfield>
    <subfield code="a">CUTN</subfield>
    <subfield code="b">CUTN</subfield>
    <subfield code="d">2026-04-16</subfield>
    <subfield code="l">0</subfield>
    <subfield code="o">547.2</subfield>
    <subfield code="p">EB04981</subfield>
    <subfield code="r">2026-04-16 15:50:00</subfield>
    <subfield code="u">https://doi.org/10.1142/7815</subfield>
    <subfield code="w">2026-04-16</subfield>
    <subfield code="y">E-BOOK</subfield>
  </datafield>
</record>
